000 00299nam a2200109Ia 4500
008 240731s9999 xx 000 0 und d
245 0 _aBritish Journal of Disorders of Communication
260 _bTaylor & Francis
856 _uhttps://www.tandfonline.com/loi/ilcd18
942 _2ddc
942 _cTFEJ
999 _c75675
_d75675
945 _a1
_bMadushi Gamage
_c1
_dMadushi Gamage